Successful parenting : Playtime
| Format: | Book |
|---|---|
| Published: |
Virginia :
Time-Life Books ,
1988
|
| Series: | Successful Parenting
|
| Subjects: |
MARC
| LEADER | 00000cam a2200000 7i4500 | ||
|---|---|---|---|
| 001 | 0000004549 | ||
| 002 | 000004904 | ||
| 005 | 20000330.0 | ||
| 020 | |a 0809459256 | ||
| 090 | 0 | 0 | |a 649 |b SUC |
| 245 | 0 | 0 | |a Successful parenting : |b Playtime |
| 260 | |a Virginia : |b Time-Life Books , |c 1988 | ||
| 300 | |a 144 p. : |b ill. ; |c 25 cm. | ||
| 490 | 0 | |a Successful Parenting | |
| 500 | |a Library has 10 titles | ||
| 650 | 0 | 0 | |a Child development |
| 650 | 0 | 0 | |a Child rearing |z United States |
| 999 | |a 015350 |b BUKU |c PINJAMAN |e PERPUSTAKAAN KOMUNITI PETALING JAYA | ||